000 00686nam a2200229Ii 4500
003 JO-AjNU
008 230605s9999||||xx |||||||||||||| ||und||
017 _a1998/9/1535
020 _a9957-09-024-0
040 _aJO-AjNU
_bara
_erda
_cJO-AjNU
041 _aara
050 1 4 _aPJ7852.I875 1999
100 3 _aتأليف الدليمي،لطيفة,
_eauthor
_98414
245 0 0 _aما لم يقله الرواة
250 _aط1
264 3 1 _aعمان:أزمنة للنشر والتوزيع،1999
300 _a92ص
336 _atext
_btxt
_2rdacontent
337 _aunmediated
_bn
_2rdamedia
338 _avolume
_bnc
_2rdacarrier
650 4 _aالأدب العربي - قصص
_98415
999 _aA775
_c4343
_d4343